Upínanie nerotačných obrobkov pomocou stavebnicových upínačov : Bakalárska práca

Enregistré dans:
Détails bibliographiques
Auteur principal: Masný, Tomáš (Auteur)
Autres auteurs: Pastierovič, Miloš, 1977- (xxx)
Format: Manuscrit Livre
Langue:slovaque
Publié: Trnava : STU v Bratislave MtF KTZS, 2004
Sujets:
Tags: Ajouter un tag
Pas de tags, Soyez le premier à ajouter un tag!

MARC

LEADER 00000ntm a22000003a 4500
001 stu89756
005 20160719154608.7
008 040831s2004----xo------------------slo-d
040 |a STU  |b slo 
041 0 |a slo 
044 |a xo 
100 1 |a Masný, Tomáš  |4 aut 
245 1 |a Upínanie nerotačných obrobkov pomocou stavebnicových upínačov :  |b Bakalárska práca 
260 |a Trnava :  |b STU v Bratislave MtF KTZS,  |c 2004 
300 |a 49 s  |c príl (CD) 
650 7 |a technologické zariadenia a systémy  |2 stusub 
650 7 |a prípravky  |2 stusub 
700 1 |a Pastierovič, Miloš,  |d 1977-  |4 xxx  |u M170  |U MTF Ústav výrobných systémov a aplikovanej mechaniky  |T MTF Katedra technologických zariadení a systémov  |X 2777  |U M170  |Y M170  |7 A000002777 
996 |b 284M060179  |c M*BP-558  |l MMSKP  |s P  |a 0  |w stu89756_0001